| 000 | 00821nam a22002295a 4500 | ||
|---|---|---|---|
| 005 | 20160321154734.0 | ||
| 008 | 160321t2009 ii a frb 000 0 eng d | ||
| 020 | _a9788172335526 | ||
| 040 |
_aEG-ScBUE _beng _cEG-ScBUE |
||
| 082 | 0 | 4 |
_a615.321 _bAMR _222 |
| 100 | 0 |
_aAmritpal Singh, _d1971- _939615 |
|
| 245 | 1 | 0 |
_aHandbook of phytopharmacology : _bwith scientific monograph of Hypericum perforatum L. / _cAmritpal Singh Saroya. |
| 260 |
_aJodhpur : _bScientific Publishers (India), _cc.2009. |
||
| 300 |
_avii, 264 p. : _bill. ; _c22 cm. |
||
| 500 | _aWith Scientific Monograph of Hypericum perforatum L. | ||
| 650 | 7 |
_aPharmacognosy. _2BUEsh _939550 |
|
| 650 | 7 |
_aMateria medica, Vegetable. _2BUEsh _939011 |
|
| 650 | 0 |
_aMedicinal plants. _2BUEsh _935678 |
|
| 651 | _2BUEsh | ||
| 653 |
_bPPhrm _cMarch2016 |
||
| 942 | _2ddc | ||
| 999 |
_c21465 _d21437 |
||